00298nam a2200133Ia 4500003000400000005001700004008004100021020001500062040000900077100002000086245002700106260002200133260000900155OSt20231108044239.0170524s9999 xx 000 0 und d a0471291943 cIIMT aKhan -Mahmood A 0aRestaurant Franchising bJohn Wiley & Sons c1999